Japanese kanji for beginners : the method that's helped thousands in the U.S. and Japan learn Japanese successfully /
This handy book teaches you a new mnemonics-based method to read and write the 430 highest-frequency kanji characters. The accompanying CD-ROM includes an interactive game, printable flash cards, and native-speaker audio recordings of all 430 kanji and their related vocabulary.
| Autori principali: | , |
|---|---|
| Altri autori: | |
| Natura: | Software eBook |
| Lingua: | English Japanese |
| Pubblicazione: |
Tokyo ; Rutland, Vermont :
Tuttle Publishing,
©2016.
|
| Edizione: | First edition. |
| Soggetti: |
| LEADER | 03402nam a2200601 i 4500 | ||
|---|---|---|---|
| 001 | 44948 | ||
| 003 | BD-DhAAL | ||
| 005 | 20251104123739.0 | ||
| 007 | co cga|||||||| | ||
| 008 | 160805s2016 ja a e 001 0 eng | ||
| 010 | |a 2016950320 | ||
| 020 | |a 9784805310496 | ||
| 020 | |a 9784805319505 | ||
| 020 | |a 4805310499 | ||
| 035 | |a 19219731 | ||
| 035 | |a (OCoLC)972311607 | ||
| 040 | |a AU@ |b eng |c AU@ |e rda |d OCLCO |d GZD |d YDXCP |d BTCTA |d GK5 |d VP@ |d OCLCF |d OCLCQ |d NTE |d WAU |d DAC |d DLC | ||
| 041 | 0 | |a eng |a jpn | |
| 042 | |a lccopycat | ||
| 043 | |a a-ja--- | ||
| 050 | 0 | 0 | |a PL539.5.E5 |b S77 2016 |
| 082 | 0 | 4 | |a 495.611 |2 23 |
| 100 | 1 | |a Stout, Timothy G., |e author |e illustrator. |9 59615 | |
| 245 | 1 | 0 | |a Japanese kanji for beginners : |b the method that's helped thousands in the U.S. and Japan learn Japanese successfully / |c Timothy G. Stout & Kaori Hakone ; illustrated by Timothy G. Stout and Kinuka Uchida. |
| 250 | |a First edition. | ||
| 260 | |a Tokyo ; |a Rutland, Vermont : |b Tuttle Publishing, |c ©2016. | ||
| 300 | |a 319 pages : |b illustrations ; |c 23 cm | ||
| 500 | |a "JLPT N5 + N4" -- cover. | ||
| 520 | |a This handy book teaches you a new mnemonics-based method to read and write the 430 highest-frequency kanji characters. The accompanying CD-ROM includes an interactive game, printable flash cards, and native-speaker audio recordings of all 430 kanji and their related vocabulary. | ||
| 526 | |a CSE |x Annajiat Alim Rasel Senior Lecturer Department of Computer Science and Engineering BRAC University Course Name : Japanese Language and General for ITEE (JPN 101) | ||
| 541 | |a Trim Education | ||
| 546 | |a In English and Japanese. | ||
| 650 | 0 | |a Japanese language |v Self-instruction. |9 59616 | |
| 650 | 0 | |a Japanese language |x Study and teaching |x Foreign speakers. |9 59296 | |
| 650 | 0 | |a Japanese language |x Phonology. |9 59617 | |
| 650 | 0 | |a Chinese characters |z Japan. |9 59284 | |
| 650 | 0 | |a Japanese language |x Writing. |9 59285 | |
| 650 | 0 | |a Japanese language |v Textbooks for foreign speakers |x English. |9 59285 | |
| 650 | 7 | |a Chinese characters. |9 59284 | |
| 650 | 7 | |a Japanese language. |9 59296 | |
| 650 | 7 | |a Japanese language |x Phonology. |9 59617 | |
| 650 | 7 | |a Japanese language |x Study and teaching |x Foreign speakers. |9 59296 | |
| 650 | 7 | |a Japanese language |x Writing. | |
| 651 | 7 | |a Japan. | |
| 655 | 7 | |a Self-instruction. |9 59618 | |
| 655 | 7 | |a Textbooks |v for English speakers. |9 59619 | |
| 700 | 1 | |a Hakone, Kaori, |e author. |9 59620 | |
| 700 | 1 | |a Uchida, Kinuka, |e illustrator. |9 59621 | |
| 942 | |2 ddc |c BK | ||
| 955 | |a pc17 2016-08-05 |a xn05 2017-05-04 1 copy to USASH | ||
| 999 | |c 47430 |d 47430 | ||
| 952 | |0 0 |1 0 |2 ddc |4 0 |6 495_611000000000000_STO |7 0 |9 78360 |a BRACUL |b BRACUL |c NEW |d 2025-10-13 |e Trim Education |g 2500.00 |l 1 |m 27 |o 495.611 STO |p 3010044948 |q 2026-06-02 |r 2025-10-16 |s 2025-10-16 |t 1 |v 2500.00 |w 2025-10-13 |y BK |x Requisitioned by Annajiat Alim Rasel (Senior Lecturer, Department of Computer Science and Engineering, BRAC University) for the course named - 'Japanese Language and General for ITEE (JPN 101)' | ||
| 952 | |0 0 |1 0 |2 ddc |4 0 |6 495_611000000000000_STO |7 0 |9 78361 |a BRACUL |b BRACUL |c GEN |d 2025-10-13 |e Trim Education |g 2500.00 |l 0 |o 495.611 STO |p 3010044949 |r 2025-10-13 |t 2 |v 2500.00 |w 2025-10-13 |y BK |x Requisitioned by Annajiat Alim Rasel (Senior Lecturer, Department of Computer Science and Engineering, BRAC University) for the course named - 'Japanese Language and General for ITEE (JPN 101)' | ||